Pidato Menteri Penerangan dalam briefing Pemerintah Pusat dengan kepala-kepala Perwakilan R. I. atase-atase pers dan ekonomi se-Asia. (Record no. 86918)

MARC details
000 -LEADER
fixed length control field 00687cam a22002171 4500
001 - CONTROL NUMBER
control field sa 68016114
003 - CONTROL NUMBER IDENTIFIER
control field DLC
005 - DATE AND TIME OF LATEST TRANSACTION
control field 20260227112652.0
008 - FIXED-LENGTH DATA ELEMENTS--GENERAL INFORMATION
fixed length control field 890420s1967 io c 000 0 ind
010 ## - LIBRARY OF CONGRESS CONTROL NUMBER
LC control number sa 68016114
035 ## - SYSTEM CONTROL NUMBER
System control number (OCoLC)23546808
040 ## - CATALOGING SOURCE
Original cataloging agency DLC
Transcribing agency MiU
Modifying agency DLC
042 ## - AUTHENTICATION CODE
Authentication code premarc
043 ## - GEOGRAPHIC AREA CODE
Geographic area code a-io---
050 00 - LIBRARY OF CONGRESS CALL NUMBER
Classification number HC447
Item number .D485
100 1# - MAIN ENTRY--PERSONAL NAME
Personal name Diah, B. M.,
Dates associated with a name 1916-
245 10 - TITLE STATEMENT
Title Pidato Menteri Penerangan dalam briefing Pemerintah Pusat dengan kepala-kepala Perwakilan R. I. atase-atase pers dan ekonomi se-Asia.
260 ## - PUBLICATION, DISTRIBUTION, ETC.
Place of publication, distribution, etc. [Djakarta]
Name of publisher, distributor, etc. Departemen Penerangan R.I.
Date of publication, distribution, etc. [1967?]
300 ## - PHYSICAL DESCRIPTION
Extent 31 p.
Other physical details port.
Dimensions 20 cm.
651 #0 - SUBJECT ADDED ENTRY--GEOGRAPHIC NAME
Geographic name Indonesia
General subdivision Economic conditions
Chronological subdivision 1945-

No items available.

Powered by Koha